| 000 | 00875nas a2200289 4500 | ||
|---|---|---|---|
| 001 | BR0300193 | ||
| 003 | BR-BrBNA | ||
| 005 | 20231205103511.0 | ||
| 007 | ta | ||
| 008 | 230509b bl.|||p| |||| 00| 00por d | ||
| 040 |
_aBR-BrBNA _bpor _cBiblioteca Nacional de Agricultura |
||
| 041 | _a(Pt) | ||
| 072 | _aH10; F30 | ||
| 100 | 1 | _aSannazzaro, A.M. | |
| 100 | 1 | _aOliveira, S.H.F. de | |
| 100 | 1 | _aWutke, E.B. | |
| 245 | 1 | _aDanos causados por lesmas (Sarasinula plebeia Fischer)em cultivares de feijoeiro (Phaseolus vulgaris L.) | |
| 650 | _aFEIJÃO | ||
| 650 | _aLESMA | ||
| 650 | _aPRAGA DE PLANTA | ||
| 650 | _aPERDA | ||
| 650 | _aRENDIMENTO | ||
| 650 | _aVARIEDADE | ||
| 773 | 0 |
_tArquivos do Instituto Biológico (Brazil) _xISSN 0020-3653 _g(Jul-Dec 2000), v. 67(2) p. 271-274 _wBR0300193 |
|
| 909 |
_a202311 _bLúcia _c55 _dLúcia Elande |
||
| 942 |
_2AGRIS _n0 _cANA |
||
| 999 |
_c173202 _d173202 |
||